América Latina en el umbral de los años 80

Salvato in:
Dettagli Bibliografici
Ente Autore: CEPAL
Natura: testo
Pubblicazione: Santiago: CEPAL. ILPES
Soggetti:
Tags: Aggiungi Tag
Nessun Tag, puoi essere il primo ad aggiungerne!!

MARC

LEADER 00000 a a2200000 04500
001 15502
003
040
090 |a 018900  
110 |a CEPAL  
245 |a América Latina en el umbral de los años 80  
260 |a Santiago:   |b CEPAL. ILPES  
300 |a 6; 203 p.  
650 |a CONDICIONES ECONOMICAS  
999 |c 12742  |d 12742